Urban remote sensing : monitoring, synthesis and modeling in the urban environment

Αποθηκεύτηκε σε:
Λεπτομέρειες βιβλιογραφικής εγγραφής
Άλλοι συγγραφείς: Yang, Xiaojun, 1965- (Επιμελητής έκδοσης)
Μορφή: Βιβλίο
Γλώσσα:English
Δημοσίευση: Chichester, West Sussex ; Hoboken, NJ : Wiley-Blackwell, 2011.
Θέματα:
Ετικέτες: Προσθήκη ετικέτας
Δεν υπάρχουν, Καταχωρήστε ετικέτα πρώτοι!

MARC

LEADER 00000nam a2200000 a 4500
001 1/107287
008 150708s2011####enka ||| |||| ||eng||
020 |a 9780470749586  
040 |a GR-MyUa  |b gre  |c GR-MyUa  |e AACR2 
041 0 |a eng 
082 7 |a 307.1216   |2 (23)  
245 0 0 |a Urban remote sensing :   |b monitoring, synthesis and modeling in the urban environment /   |c [edited by] Xiaojun Yang.  
260 |a Chichester, West Sussex ;   |a Hoboken, NJ :   |b Wiley-Blackwell,   |c 2011.  
300 |a xx, 388 σ. :   |b εικ. ;   |c 26 εκ.  
504 |a Περιλαμβάνει βιβλιογραφία και ευρετήριο.  
650 0 |a City planning  |x Remote sensing. 
650 0 |a Spatial analysis (Statistics) 
650 0 |a Landsat satellites. 
700 1 |a Yang, Xiaojun,   |d 1965-  |e edt 
852 |a INST  |b LESVOS  |c BK  |e 20150708  |h 307.1216 URB  |p 005100057033  |q 005100057033  |t BK  |y 0 
922 |a 1ΕΛΗ  |b 2015-04   |c Τμήμα Γεωγραφίας   |d Διαδρομές  
970 |a Τζαφέρη   |b Ευαγγελία   |z 08-07-2015